000 01100nam a22002777i 4500
999 _c23447
_d23447
003 AR-CdUCM
008 260115b20232023 pe||||| |||| 00| 0 spa d
020 _a978-612-49348-1-0
040 _aMUNICIPALIDAD PROVINCIAL DEL CUSCO
_cBIBLIOTECA MUNICIPAL DEL CUSCO
041 _hspa
082 _aES / 860 /
_bM37
100 _aMego, Alberto
_952000
245 _aCien Años de Teatro - El Perú en el siglo XX :
_bItinerario cultural de un pais en formación /
260 _aLima :
_bGrupo Editorial Amarti S.A.C.
_c2023
300 _a218 páginas. :
_c24x17 cm.
505 _aLos primeros años del siglo XX -- Los turbulentos años veinte y treinta -- Los años cuarenta -- El sello social de los setenta -- Memoria los noventa.
650 _aAparición del indigenismo
_952001
650 _aCesar Vallejo
_952002
650 _aTeatro universitario
_952003
650 _aAuge de ideas
_952004
650 _aGobierno militar de Velasco Alvarado
_952005
650 _aTeatro popular
_94474
650 _aLos noventa en el Perú
_952006
942 _2ddc
_cLIBROS
945 _apbjr
_d15-01-2026